Score 0/9 Timer 05:00
0 Plays Today
Person % Correct
Socko
96.1%
Tyler
74.4%
Auto
68.5%
Rob
63.5%
Taylor
39.4%
Issac
19.7%
Bernie
18.7%
Freight Dog
16.3%
Dr. Paxil
15.3%
Remove Ads.
Support Sporcle.
Get the best of Sporcle when you Go Orange. This ad-free experience offers more features, more stats, and more fun while also helping to support Sporcle. Thank you for becoming a member.

You're not logged in!

Compare scores with friends on all Sporcle quizzes.
OR
Log In

Show Comments

Extras

Created Nov 21, 2010ReportNominate
Tags:iCarly

Top Quizzes Today


Score Distribution

Your Account Isn't Verified!

In order to create a playlist on Sporcle, you need to verify the email address you used during registration. Go to your Sporcle Settings to finish the process.

Report this User

Report this user for behavior that violates our Community Guidelines.

Details: